| 000 | 00855 a2200217 4500 | ||
|---|---|---|---|
| 003 | Nust | ||
| 005 | 20230919135330.0 | ||
| 010 | _a 81012067 | ||
| 020 | _a0133173054 | ||
| 040 | _cNust | ||
| 082 | 0 | 0 | _a620.0042,BAT |
| 100 | 1 |
_aBathe, Klaus-Jorgen. _9100874 |
|
| 245 | 1 | 0 |
_aFinite element procedures in engineering analysis / _cKlaus-Jorgen Bathe. |
| 260 |
_aEnglewood Cliffs, N.J. : _bPrentice-Hall, _cc1982. |
||
| 300 |
_axiii, 735 p. : _bill. ; _c24 cm. |
||
| 440 | 0 |
_aPrentice-Hall civil engineering and engineering mechanics series _9100875 |
|
| 505 | _aMatrices And Linear Algebra (Page-1), The Finite Element Method (Page-65), Solution Of Finite Element Equilibrium Equations (Page-431), Implementation Of The Finite Element Method (Page-697). | ||
| 650 | 0 | _aEngineering mathematics. | |
| 650 | 0 | _aFinite element method. | |
| 942 |
_2ddc _cBK |
||
| 999 |
_c182368 _d182368 |
||